000 00441nam a22001817a 4500
003 UA-OsUOA
001 14567
007 ta
008 20031010b un ||||| |||| 00| 0 ukr d
942 _cBK
040 _aUA-OsUOA
_bukr
_cUA-OsUOA
_dUA-OsUOA
245 _aВісті
_bМіська газета
955 _a0
041 _aukr
260 _aКузнецовськ
_c1990
044 _aUA
650 7 _aКраєзнавча робота
_2UDC
999 _c300731
_d300731